00531cam a2200169Ia 4500020001500000040000800015082002600023245009600049260004900145300003100194650002300225650001900248650002100267650001900288700002200307710003200329 a922110849X cIL# a687 INT 1998 C146 Or.00aImproving working conditions and productivity in the garment industry :ban action manual / aGeneva :bInternational Labour Office,c1998 ax, 165 p. :bill. ;c30 cm 0aClothing factories 0aClothing trade 0aWork environment 0aClothing trade1 aHiba, Juan Carlos2 aInternational Labour Office